Pohľad na potrebu a tvorbu hospodárskej politiky
Na politické zmeny uskutočnené od r. 1989 na Slovensku reagovala legislatíva zákonnými úpravami v rozhodujúcich ekonomických oblastiach. Úloha NR SR pri realizácii hospodárskej politiky. Tvorba hospodárskej politiky vlády SR. Význam štátneho rozpočtu, štátnej pokladnice. Zdroje finančného krytia. Pr...
Salvato in:
| Autore principale: | |
|---|---|
| Natura: | Libro |
| Lingua: | slovacco |
| Soggetti: | |
| Tags: |
Nessun Tag, puoi essere il primo ad aggiungerne!!
|
MARC
| LEADER | 00000nam a2200000 4500 | ||
|---|---|---|---|
| 001 | r031249 | ||
| 005 | 20230918075414.1 | ||
| 041 | 0 | |a slo | |
| 044 | |a SK | ||
| 245 | 1 | 0 | |a Pohľad na potrebu a tvorbu hospodárskej politiky |c Tatiana Letková |
| 520 | |a Na politické zmeny uskutočnené od r. 1989 na Slovensku reagovala legislatíva zákonnými úpravami v rozhodujúcich ekonomických oblastiach. Úloha NR SR pri realizácii hospodárskej politiky. Tvorba hospodárskej politiky vlády SR. Význam štátneho rozpočtu, štátnej pokladnice. Zdroje finančného krytia. Prehľad dvanástich účelových štátnych fondov. | ||
| 610 | 2 | 0 | |a politika hospodárska |
| 610 | 2 | 0 | |a Slovensko |
| 610 | 2 | 0 | |a rozpočet štátny |
| 610 | 2 | 0 | |a financie |
| 610 | 2 | 0 | |a zdroje finančné |
| 610 | 2 | 0 | |a produkt domáci hrubý |
| 610 | 2 | 0 | |a pokladnica štátna |
| 610 | 2 | 0 | |a fondy finančné |
| 610 | 2 | 0 | |a 1989-1997 |
| 610 | 2 | 0 | |a NR SR Bratislava |
| 610 | 2 | 0 | |a legislatíva |
| 610 | 2 | 0 | |a vláda |
| 100 | 1 | |a Letková, Tatiana | |